banner-ar

STATISICS FOR BUSINESS: DATA AMALYSIS AND MADELING / (Record no. 22669)

MARC details
000 -الفاتح
حقل البيانات ثابتة الطول 00531nam a2200181Ia 4500
008 - عناصر البيانات ثابتة الطول - معلومات عامة
حقل البيانات ثابتة الطول 140319s9999 xx 000 0 eng d
040 ## - مصدر الفهرسة
وكالة الفهرسة الأصلية GCL /
وكالة النسخ GCL
082 04 - رقم تصنيف ديوى العشرى
رقم التصنيف 51905
رقم المادة C S
100 1# - المدخل الرئيسى - إسم شخصى
الإسم الشخصى COMMERCIAL STATISICS
245 10 - بيان العنوان
العنوان STATISICS FOR BUSINESS: DATA AMALYSIS AND MADELING /
بيان المسئوليه,etc COMMERCIAL STATISICS
700 1# - المدخل الاضافى - اسم شخصى
الإسم الشخصى MANAGEMENT STATISICAL METHEDS
260 ## - PUBLICATION, DISTRIBUTION, ETC. (IMPRINT)
تاريخ النشر أو التوزيع 1994
300 ## - الوصف المادى
التعداد 883 P
650 04 - المدخل الاضافى بالموضوع-مصطلح موضوعى
مصطلح موضوعي CRYER, JONOTHAN D
650 04 - المدخل الاضافى بالموضوع-مصطلح موضوعى
مصطلح موضوعي MILLER, ROBERT B
942 ## - عناصر المدخل الإضافي( كوها)
مصدر التصنيف او مخطط الترفيف Dewey Decimal Classification
Koha [default] item type كتاب
260 ## - PUBLICATION, DISTRIBUTION, ETC. (IMPRINT)
-- [S.N] :
-- INTERNATIONAL MONETARY FUND ،
Holdings
حالة التراجع حالة الفقد حالة تلف ليس للاعارة المكان المؤقت الموقع الحالى تاريخ الاكتساب اجمالي اﻻعارات رقم الطلب الباركود تاريخ اخر مشاهدة تاريخ تفعيل السعر نوع وعاء كوها
        مكتبة القاهرة الكبرى مكتبة القاهرة الكبرى 03/26/2014   51905\C S 40972 03/26/2014 03/26/2014 كتاب

Powered By

EGPV